Score 0/15 Timer 01:30
1 Play Today
% Correct
Geography
89.7%
Gaming
85.7%
Sports
85.1%
Movies
83.4%
Science
82.8%
Language
82.5%
Music
81%
Literature
79.9%
% Correct
Religion
78.9%
Holiday
74.5%
Television
65.3%
History
64.4%
Entertainment
55.9%
Just For Fun
54.9%
Miscellaneous
51.4%

Today's Daily Dose

Remove Ads.
Support Sporcle.
Get the best of Sporcle when you Go Orange. This ad-free experience offers more features, more stats, and more fun while also helping to support Sporcle. Thank you for becoming a member.

You're not logged in!

Compare scores with friends on all Sporcle quizzes.
OR
Log In

Show Comments

Extras

Top Quizzes Today


Score Distribution

Your Account Isn't Verified!

In order to create a playlist on Sporcle, you need to verify the email address you used during registration. Go to your Sporcle Settings to finish the process.

Report this User

Report this user for behavior that violates our Community Guidelines.

Details: